| 000 | 00803nam a2200241Ia 4500 | ||
|---|---|---|---|
| 003 | OSt | ||
| 005 | 20220923213144.0 | ||
| 006 | a|||||r|||| 00| 0 | ||
| 007 | ta | ||
| 008 | 220922b |||||||| |||| 00| 0 hin d | ||
| 024 | _a159,340 | ||
| 037 | _cTextual | ||
| 040 |
_aARTS _cARTS _bhin |
||
| 041 |
_2hin _ahin |
||
| 082 | _aO1,1:g, 152J0.1 | ||
| 100 |
_aगुर्टू, शचीरानी _9156271 |
||
| 245 | 0 | _aसाहित्य दर्शन प््राथम भाग | |
| 246 | _aSāhitya darshan prātham bhāga | ||
| 260 |
_aदिल्ली _b गौतम बुक _c1950 |
||
| 650 |
_aहिन्दी साहित्य _9156264 |
||
| 942 |
_hO1,1:g, 152J0.1 _cTEXL _2CC |
||
| 999 |
_c314087 _d314087 |
||